000 00570nab a2200217 a 4500
001 69893
003 143837
005 20201118110717.0
008 ||||||n9999 ||| || ||
041 _aspa
100 _aSperoni, Horacio
245 0 _aPronostico de demanda :
_bpp.739-770
260 _aBuenos Aires :
_bContabilidad Moderna,
_c1972.
562 _e0
650 _aANÁLISIS ECONÓMICO
650 _aDEMANDA
650 _aSISTEMA DE MERCADOS
650 _aVENTAS
773 _053235
_aAdministracion de empresas - Vol.3 No.32 (1972)
942 _cSART
999 _c69893
_d69893